Capitales européennes en B - Statistiques

Statistiques générales
  • Ce quiz a été pris 207 fois
  • Le résultat moyen est 6 sur 7
Statistiques - réponses
Réponse % Correct
Berlin
89%
Bruxelles
89%
Bratislava
83%
Bucarest
82%
Budapest
82%
Berne
76%
Belgrade
68%
Aucun quiz correspondant
Distribution des résultats
% des personnes avec chaque résultat
Percentile par nombre de réponses
Votre historique - résultats
Vous n’avez pas pris ce quiz